00438 2200181 4500001002100000005001500021008004100036020002200077035001900099041000700118082000800125090001400133100001500147700002000162245002400182260003000206300002000236INLIS00000000003075320241224133036241224||||||||| | ||| |||| || |  a978-602-8152-26-6 0010-1224030753 aid0 a813 a813 Rak m0 aRaka Insan0 akrisna somantri00aMari Bermain Ganepo aBandungbChilpress.c2008 a18 Hlaman,19 Cm